[Event "GER-chT Christmas U20 Girls"]
[Site "Playchess.com INT"]
[Date "2020.12.29"]
[Round "7.2"]
[White "Muetsch, Annmarie"]
[Black "Fayngold, Sophie Olivia"]
[Result "1-0"]
[WhiteElo "2236"]
[BlackElo "1222"]
[PlyCount "75"]
[EventDate "2020.12.29"]
[EventType "team-swiss (blitz)"]
[EventRounds "7"]
[EventCountry "GER"]
[SourceTitle "CBM 200 Extra"]
[Source "ChessBase"]
[SourceDate "2021.03.31"]
[SourceVersion "1"]
[SourceVersionDate "2021.03.31"]
[SourceQuality "1"]
[WhiteTeam "Regensburg Bavaria"]
[BlackTeam "Weisse Dame"]
[WhiteTeamCountry "GER"]
[BlackTeamCountry "GER"]

1. e4 e5 2. Nf3 Nc6 3. Bc4 Bc5 4. c3 d6 5. d4 exd4 6. cxd4 Bb6 7. h3 Nf6 8. Nc3 Bd7 9. 0-0 Qe7 10. e5 dxe5 11. dxe5 Ng8 12. Nd5 Qd8 13. Bf4 Nge7 14. Ng5 Nxd5 15. Bxd5 0-0 16. Qh5 h6 17. Nxf7 Rxf7 18. Bxf7+ Kf8 19. e6 Be8 20. Rad1 Qe7 21. Bxe8 Qxe8 22. Qf5+ Kg8 23. Rd7 Qf8 24. Rf7 Qe8 25. Bxh6 Bd4 26. Qg6 Qf8 27. Rxf8+ Rxf8 28. Bg5 Ne5 29. Qe4 Nc6 30. e7 Re8 31. Qe6+ Kh8 32. Qf7 Rxe7 33. Bxe7 Nxe7 34. Qxe7 Bf6 35. Qf7 a6 36. Re1 Kh7 37. Qh5+ Kg8 38. Re8# 1-0

[Event "GER-chT U14 Girls"]
[Site "Neumuenster"]
[Date "2018.12.29"]
[Round "6.3"]
[White "Fayngold, Sophie Olivia"]
[Black "Evering, Enna"]
[Result "0-1"]
[WhiteElo "1378"]
[BlackElo "1388"]
[PlyCount "112"]
[EventDate "2018.12.27"]
[EventType "team-swiss"]
[EventRounds "7"]
[EventCountry "GER"]
[SourceTitle "CBM 188 Extra"]
[Source "ChessBase"]
[SourceDate "2019.02.26"]
[SourceVersion "1"]
[SourceVersionDate "2019.02.26"]
[SourceQuality "1"]
[WhiteTeam "Weisse Dame"]
[BlackTeam "Papenburg"]
[WhiteTeamCountry "GER"]
[BlackTeamCountry "GER"]

1. e4 e5 2. Nf3 Nc6 3. Bc4 Nf6 4. d3 Be7 5. Nc3 d6 6. h3 Na5 7. Bb3 0-0 8. Be3 Nxb3 9. axb3 Re8 10. Qd2 c6 11. Rxa7 Rxa7 12. Bxa7 c5 13. Nd5 Nxd5 14. exd5 Qc7 15. 0-0 b6 16. Ra1 Bd7 17. Ra6 Qb7 18. Ra3 Ra8 19. Bxb6 Rxa3 20. bxa3 Qxb6 21. Qd1 Qa5 22. a4 Qb4 23. Qc1 Qb7 24. Qd2 Qxd5 25. c4 Qb7 26. Qc3 Bc6 27. Ne1 Bf6 28. Qc2 h6 29. f3 Bh4 30. Kf1 Qb4 31. Qd1 Bxe1 32. Qxe1 Qxb3 33. Qe2 Bxa4 34. h4 Qd1+ 35. Qxd1 Bxd1 36. Kf2 Kf8 37. Ke1 Ba4 38. g4 Bc6 39. Kf2 Ke7 40. Ke3 Ke6 41. f4 f5 42. g5 hxg5 43. hxg5 g6 44. fxe5 Kxe5 45. Ke2 f4 46. Kf2 Kd4 47. Ke2 Bb7 48. Kd2 f3 49. Ke1 Ke3 50. Kf1 f2 51. d4 Bg2+ 52. Kxg2 Ke2 53. Kh2 f1Q 54. Kg3 Qf3+ 55. Kh4 Kf2 56. d5 Qh5# 0-1

[Event "GER-chT U14 Girls"]
[Site "Neumuenster"]
[Date "2018.12.28"]
[Round "3.3"]
[White "Biesdorf, Ina"]
[Black "Fayngold, Sophie Olivia"]
[Result "0-1"]
[WhiteElo "1325"]
[BlackElo "1378"]
[PlyCount "110"]
[EventDate "2018.12.27"]
[EventType "team-swiss"]
[EventRounds "7"]
[EventCountry "GER"]
[SourceTitle "CBM 188 Extra"]
[Source "ChessBase"]
[SourceDate "2019.02.26"]
[SourceVersion "1"]
[SourceVersionDate "2019.02.26"]
[SourceQuality "1"]
[WhiteTeam "Hofheim"]
[BlackTeam "Weisse Dame"]
[WhiteTeamCountry "GER"]
[BlackTeamCountry "GER"]

1. d4 d5 2. Bf4 c5 3. dxc5 Qa5+ 4. Nc3 e6 5. Bd2 Bxc5 6. e3 Qc7 7. Nf3 Nc6 8. Bd3 Nf6 9. Nb5 Qb6 10. Bc3 a6 11. Nbd4 Bb4 12. Qd2 Nxd4 13. Nxd4 Bxc3 14. Qxc3 0-0 15. 0-0 Re8 16. Nf3 Qd6 17. Rad1 e5 18. e4 Bg4 19. Bc4 Nxe4 20. Qb3 dxc4 21. Qxc4 Qg6 22. Qd3 Bxf3 23. Qxf3 Ng5 24. Qg3 h5 25. Kh1 Qf6 26. f4 Ne4 27. Qd3 exf4 28. g3 h4 29. Kg2 hxg3 30. Rf3 gxh2 31. Kxh2 Ng5 32. Rff1 Re3 33. Qxe3 fxe3 34. Rxf6 gxf6 35. Rg1 e2 36. Kg2 Re8 37. Kf2 Kf8 38. Re1 Ne4+ 39. Ke3 Nd2+ 40. Kf2 Nc4 41. b3 Na3 42. c4 Nc2 43. Rxe2 Rxe2+ 44. Kxe2 Ke7 45. Kf3 b6 46. Kf4 Ke6 47. Kf3 Ke5 48. Kf2 Kf4 49. a4 f5 50. Ke2 Kg3 51. Kf1 f4 52. a5 f6 53. Ke2 Kg2 54. Kd2 f3 55. Kd1 f2 0-1

[Event "GER-chT U14 Girls"]
[Site "Neumuenster"]
[Date "2018.12.28"]
[Round "4.3"]
[White "Fayngold, Sophie Olivia"]
[Black "Visvikis, Kassandra"]
[Result "1-0"]
[WhiteElo "1378"]
[BlackElo "1494"]
[PlyCount "75"]
[EventDate "2018.12.27"]
[EventType "team-swiss"]
[EventRounds "7"]
[EventCountry "GER"]
[SourceTitle "CBM 188 Extra"]
[Source "ChessBase"]
[SourceDate "2019.02.26"]
[SourceVersion "1"]
[SourceVersionDate "2019.02.26"]
[SourceQuality "1"]
[WhiteTeam "Weisse Dame"]
[BlackTeam "Baden-Baden"]
[WhiteTeamCountry "GER"]
[BlackTeamCountry "GER"]

1. e4 e5 2. Nf3 Nc6 3. Bc4 Bc5 4. d3 Nf6 5. Bg5 h6 6. Bh4 g5 7. Bg3 d6 8. h3 Qe7 9. Nc3 Be6 10. Bb3 0-0-0 11. Qd2 Bb4 12. 0-0-0 Nd4 13. Qe3 Bc5 14. Bxe6+ Qxe6 15. Kb1 Nb5 16. Qe1 Bb4 17. d4 Nxe4 18. Qxe4 Bxc3 19. d5 Qd7 20. a4 f5 21. Qc4 e4 22. axb5 Bf6 23. Nd2 Qg7 24. Qa2 Kb8 25. Nc4 b6 26. f3 f4 27. Be1 e3 28. Rd3 Kb7 29. Qa6+ Kb8 30. Ra3 Bd4 31. Bc3 Rh7 32. Rd1 e2 33. Re1 Bxc3 34. bxc3 Qe7 35. Qxa7+ Kc8 36. Qa8+ Kd7 37. Qc6+ Kc8 38. Ra8# 1-0

[Event "GER-chT U14 Girls"]
[Site "Neumuenster"]
[Date "2018.12.27"]
[Round "2.3"]
[White "Fayngold, Sophie Olivia"]
[Black "Chung, Dana"]
[Result "1-0"]
[WhiteElo "1378"]
[BlackElo "1315"]
[PlyCount "61"]
[EventDate "2018.12.27"]
[EventType "team-swiss"]
[EventRounds "7"]
[EventCountry "GER"]
[SourceTitle "CBM 188 Extra"]
[Source "ChessBase"]
[SourceDate "2019.02.26"]
[SourceVersion "1"]
[SourceVersionDate "2019.02.26"]
[SourceQuality "1"]
[WhiteTeam "Weisse Dame"]
[BlackTeam "Karlsruhe SF"]
[WhiteTeamCountry "GER"]
[BlackTeamCountry "GER"]

1. e4 c6 2. d4 d5 3. Nc3 dxe4 4. Nxe4 Nf6 5. Ng3 Nbd7 6. Nf3 e6 7. Bf4 Be7 8. Bd3 0-0 9. Ne5 Nd5 10. Bd2 Bd6 11. Qe2 c5 12. c4 Bxe5 13. dxe5 Nb4 14. Bxb4 cxb4 15. Ne4 Nxe5 16. 0-0-0 Nxd3+ 17. Rxd3 Qe7 18. Qh5 h6 19. Rg3 e5 20. Qxh6 f5 21. Nd2 f4 22. Rg5 Rf6 23. Qh5 Re6 24. Nf3 e4 25. Ne5 b6 26. Ng6 Qd6 27. Qh8+ Kf7 28. Ne5+ Ke7 29. Rxg7+ Kf6 30. Rf7+ Kg5 31. h4# 1-0

[Event "GER-ch U12 Girls"]
[Site "Willingen"]
[Date "2017.06.04"]
[Round "2"]
[White "Schneider, Anna"]
[Black "Fayngold, Sophie Olivia"]
[Result "1-0"]
[WhiteElo "1325"]
[BlackElo "1139"]
[PlyCount "75"]
[EventDate "2017.06.04"]
[EventType "swiss"]
[EventRounds "11"]
[EventCountry "GER"]
[SourceTitle "CBM 178 Extra"]
[Source "ChessBase"]
[SourceDate "2017.06.22"]
[SourceVersion "1"]
[SourceVersionDate "2017.06.22"]
[SourceQuality "1"]

1. e4 b6 2. d4 Bb7 3. Nc3 e6 4. Nf3 Nf6 5. e5 Ne4 6. Nxe4 Bxe4 7. Bc4 d5 8. exd6 Bxd6 9. 0-0 Bb7 10. Re1 Qf6 11. d5 e5 12. Bg5 Qg6 13. Nxe5 Qf5 14. Bd3 Qc8 15. Ng6+ Be7 16. Rxe7+ Kd8 17. Re1+ f6 18. Nxh8 Qd7 19. Bh4 Kc8 20. Qh5 g6 21. Qh6 Bxd5 22. Qf8+ Kb7 23. Qe7 Qc6 24. Qxf6 Qa4 25. Bg3 Nd7 26. Qg7 Bc6 27. Nf7 Rc8 28. Ne5 Rd8 29. Nxc6 Kxc6 30. Be4+ Kb5 31. Qc3 Ka6 32. Qxc7 Rb8 33. Bd3+ Ka5 34. Qxa7+ Kb4 35. c3+ Kc5 36. Qxa4 b5 37. Qd4+ Kc6 38. Be4# 1-0